HACIA UNA REINTERPRETACION DE SINARQUISMO ACTUAL/

INCLUYE BIBLIOGRAFIA

Kaydedildi:
Detaylı Bibliyografya
Yazar: Zermeño P., Guillermo (autor)
Diğer Yazarlar: Aguilar Valenzuela, Rubén (autor) (autor)
Materyal Türü: Kitap
Konular:
Etiketler: Etiketle
Etiket eklenmemiş, İlk siz ekleyin!

MARC

LEADER 00000nam^a2200000^a^4500
001 000224598
005 20250521000000.0
009 20260310104055.557
020 |a 968-859-026-6 
035 |a 043595 
037 |a Acervo Xavier Clavigero 
082 |a 320. 533  |b ZER 
100 |a Zermeño P., Guillermo  |e (autor) 
245 1 0 |a HACIA UNA REINTERPRETACION DE SINARQUISMO ACTUAL/  |c GUILLERMO ZERMEÑO P., RUBEN AGUILAR V 
264 |a MEXICO :  |b UNIVERSIDAD IBEROAMERICANA,  |c 1988 
300 |a 205p. 
336 |a texto  |b txt  |2 rdacontenido 
337 |a sin mediación  |b n  |2 rdamedio 
338 |a volumen  |b nc  |2 rdasoporte 
520 |a INCLUYE BIBLIOGRAFIA 
649 |a XX 
650 |a SINARQUISMO 
650 |a Fascismo -  |z México 
650 |a RELIGION Y CIENCIA POLITICA 
700 |a Aguilar Valenzuela, Rubén  |e (autor) 
910 |a Fondo General 
920 |a Impresos - Libros 
930 |a Colección General 
905 |a 101 
901 |a 043595  |b IT1  |c ACC  |i 043595  |u 20250521 
902 |a https://opac.biblio.iteso.mx/vufind/Record/000224598